[Event "Pinneberg-ch"]
[Site "Pinneberg"]
[Date "2015.08.28"]
[Round "1"]
[White "Frank, Detlev"]
[Black "Berking, Bernhard"]
[Result "1-0"]
[WhiteElo "1734"]
[BlackElo "1340"]
[PlyCount "53"]
[EventDate "2015.08.28"]
[EventType "swiss"]
[EventRounds "7"]
[EventCountry "GER"]
[SourceTitle "EXT 2017"]
[Source "ChessBase"]
[SourceDate "2016.10.25"]
[SourceVersion "1"]
[SourceVersionDate "2016.10.25"]
[SourceQuality "1"]

1. a3 Nf6 2. b4 b6 3. Bb2 Bb7 4. e3 d6 5. Nf3 e5 6. Bc4 Bd5 7. Qe2 Bxc4 8. Qxc4 Be7 9. 0-0 0-0 10. Nc3 Nbd7 11. Ne2 e4 12. Nfd4 Ne5 13. Qb3 Qd7 14. Ng3 g6 15. d3 c5 16. Nde2 Qc6 17. dxe4 Nxe4 18. Nxe4 Qxe4 19. Nf4 Qc4 20. Nd5 Bd8 21. Rad1 b5 22. bxc5 f6 23. cxd6 a5 24. Rd4 Qxb3 25. cxb3 Rc8 26. Rfd1 Nd7 27. Ne7+ 1-0

[Event "Pinneberg-ch"]
[Site "Pinneberg"]
[Date "2014.??.??"]
[Round "3"]
[White "Frank, Detlev"]
[Black "Linke, Harry"]
[Result "1-0"]
[WhiteElo "1725"]
[BlackElo "1567"]
[PlyCount "63"]
[EventDate "2014.08.21"]
[EventType "swiss"]
[EventRounds "7"]
[EventCountry "GER"]
[SourceTitle "EXT 2017"]
[Source "ChessBase"]
[SourceDate "2016.10.25"]
[SourceVersion "1"]
[SourceVersionDate "2016.10.25"]
[SourceQuality "1"]

1. a3 e5 2. b4 d6 3. Bb2 Nf6 4. g3 Be6 5. Bg2 Bd5 6. f3 e4 7. fxe4 Bxe4 8. Bxf6 Qxf6 9. Bxe4 c6 10. Nc3 a5 11. Bg2 d5 12. b5 Bc5 13. e3 a4 14. d4 0-0 15. Nf3 Re8 16. 0-0 Rxe3 17. Ne5 Qxe5 18. dxe5 Re1+ 19. Kh1 Rxd1 20. Rfxd1 Nd7 21. bxc6 bxc6 22. Rab1 Nxe5 23. h3 f6 24. Nxd5 Bxa3 25. Nb6 Ra7 26. Nc8 Ra5 27. Rb7 Ra8 28. Rd8+ Bf8 29. Ne7+ Kf7 30. Nxc6+ Kg6 31. Be4+ Kg5 32. Rxa8 1-0

[Event "Pinneberg-ch"]
[Site "Pinneberg"]
[Date "2013.09.05"]
[Round "5"]
[White "Frank, Detlev"]
[Black "Olschok, Juergen"]
[Result "1-0"]
[WhiteElo "1631"]
[BlackElo "1808"]
[PlyCount "20"]
[EventDate "2013.08.08"]
[EventType "swiss"]
[EventRounds "7"]
[EventCountry "GER"]
[SourceTitle "EXT 2017"]
[Source "ChessBase"]
[SourceDate "2016.10.25"]
[SourceVersion "1"]
[SourceVersionDate "2016.10.25"]
[SourceQuality "1"]

1. a3 c5 2. e4 g6 3. Nf3 Bg7 4. d3 d6 5. Nbd2 Nc6 6. Nb3 e5 7. c3 Bg4 8. Be2 Nge7 9. 0-0 0-0 10. Be3 f5 1-0

[Event "Pinneberg-ch"]
[Site "Pinneberg"]
[Date "2012.09.20"]
[Round "6"]
[White "Frank, Detlev"]
[Black "Joppe, Gerd"]
[Result "0-1"]
[WhiteElo "1762"]
[BlackElo "1702"]
[PlyCount "106"]
[EventDate "2012.08.16"]
[EventType "swiss"]
[EventRounds "7"]
[EventCountry "GER"]
[SourceTitle "EXT 2013"]
[Source "ChessBase"]
[SourceDate "2012.11.22"]
[SourceVersion "1"]
[SourceVersionDate "2012.11.22"]
[SourceQuality "1"]

1. a3 d5 2. b4 e5 3. Bb2 Bd6 4. g3 Nf6 5. Bg2 Bf5 6. d3 c6 7. e3 Nbd7 8. Ne2 Qe7 9. Nd2 0-0 10. 0-0 Rac8 11. c4 Bxd3 12. c5 Bc7 13. Re1 Bg6 14. Nf3 Rcd8 15. Nh4 Bh5 16. Nf5 Qe8 17. Qc1 Bg4 18. Nh4 Qe6 19. f3 Bh3 20. Nf4 exf4 21. exf4 Ne4 22. fxe4 Bxg2 23. exd5 Qxd5 24. Nxg2 Nf6 25. Bxf6 gxf6 26. Qc3 Rfe8 27. Qxf6 Qb3 28. Nh4 Re6 29. Qg5+ Kh8 30. Nf5 Rg8 31. Qh5 Rgg6 32. Ne7 Rxg3+ 33. Kh1 Rge3 34. Reb1 Qd3 35. Qxf7 Qd8 36. Nf5 Qd5+ 37. Kg1 Rg6+ 38. Qxg6 hxg6 39. Nxe3 Qd4 40. Kf2 Bxf4 41. Re1 Bxe3+ 42. Kf3 Qf4+ 43. Ke2 Bd4 44. Rab1 Bc3 45. Rf1 Qe4+ 46. Kf2 Bd4+ 47. Kg3 Kh7 48. Rfe1 Qd3+ 49. Kg2 Kh6 50. Rbd1 Qc2+ 51. Kh1 Be5 52. Kg1 Qxh2+ 53. Kf1 Bg3 0-1

[Event "Pinneberg-ch"]
[Site "Pinneberg"]
[Date "2012.08.16"]
[Round "1"]
[White "Schaefer, Hans"]
[Black "Frank, Detlev"]
[Result "0-1"]
[WhiteElo "1069"]
[BlackElo "1762"]
[PlyCount "46"]
[EventDate "2012.08.16"]
[EventType "swiss"]
[EventRounds "7"]
[EventCountry "GER"]
[SourceTitle "EXT 2013"]
[Source "ChessBase"]
[SourceDate "2012.11.22"]
[SourceVersion "1"]
[SourceVersionDate "2012.11.22"]
[SourceQuality "1"]

1. d4 a6 2. e3 b5 3. Be2 Bb7 4. Nf3 g6 5. 0-0 Bg7 6. c3 e6 7. Nbd2 d6 8. e4 Ne7 9. a4 c6 10. b4 Nd7 11. Bb2 0-0 12. axb5 cxb5 13. Bd3 Rc8 14. e5 dxe5 15. dxe5 Nxe5 16. Be4 Nd5 17. Nxe5 Bxe5 18. Bxd5 Bxd5 19. Rxa6 Qh4 20. h3 Qf4 21. Nf3 Bxf3 22. gxf3 Qf5 23. f4 Qxf4 0-1

[Event "Hamburger Liga Aufstieg"]
[Site "Hamburg"]
[Date "2009.08.16"]
[Round "4.20"]
[White "Hauser, Christow"]
[Black "Frank, Detlev"]
[Result "0-1"]
[WhiteElo "1634"]
[BlackElo "1814"]
[PlyCount "92"]
[EventDate "2009.08.08"]
[EventType "swiss"]
[EventRounds "6"]
[EventCountry "GER"]
[SourceTitle "EXT 2022"]
[Source "ChessBase"]
[SourceDate "2021.10.06"]
[SourceVersion "1"]
[SourceVersionDate "2021.10.06"]
[SourceQuality "1"]

1. Nf3 a6 2. b3 b5 3. e3 Bb7 4. Bb2 Nf6 5. c4 b4 6. d3 c5 7. Nbd2 e6 8. Qc2 Be7 9. h3 d6 10. Be2 Nbd7 11. 0-0 a5 12. a4 0-0 13. d4 Rc8 14. Rac1 d5 15. Qb1 Re8 16. Ne5 Bd6 17. f4 Re7 18. Bd3 Nf8 19. cxd5 Bxd5 20. e4 Bb7 21. Nec4 Bb8 22. e5 Nd5 23. Ne4 cxd4 24. Bxd4 Nxf4 25. Ned6 Nxd3 26. Qxd3 Rc6 27. Qe3 Bxd6 28. exd6 Re8 29. Bc5 Nd7 30. Ne5 Nxe5 31. Qxe5 f6 32. Qd4 Qd7 33. Rfd1 Rec8 34. g4 Ba6 35. Qf4 Rxc5 36. Rxc5 Rxc5 37. Qe4 Bb7 38. Qxb7 Qxb7 39. d7 Rd5 40. d8Q+ Rxd8 41. Rxd8+ Kf7 42. Rh8 Qe4 43. Kh2 Qc2+ 44. Kg3 g5 45. h4 gxh4+ 46. Kxh4 Qh2# 0-1

[Event "Hamburger Liga Aufstieg"]
[Site "Hamburg"]
[Date "2009.08.08"]
[Round "1.14"]
[White "Frank, Detlev"]
[Black "Schiele, Lars"]
[Result "0-1"]
[WhiteElo "1814"]
[BlackElo "1997"]
[PlyCount "72"]
[EventDate "2009.08.08"]
[EventType "swiss"]
[EventRounds "6"]
[EventCountry "GER"]
[SourceTitle "EXT 2022"]
[Source "ChessBase"]
[SourceDate "2021.10.06"]
[SourceVersion "1"]
[SourceVersionDate "2021.10.06"]
[SourceQuality "1"]

1. a3 e5 2. b4 d5 3. Bb2 f6 4. e3 Nh6 5. c4 c6 6. Be2 Be6 7. Qc2 Bd6 8. Nf3 Nd7 9. c5 Bb8 10. d3 0-0 11. Nbd2 Bc7 12. Rc1 Rc8 13. h3 Nf7 14. Nf1 Re8 15. e4 Nf8 16. Ng3 Ng6 17. Nf5 Nf4 18. g3 Nxe2 19. Qxe2 Qd7 20. g4 a5 21. h4 axb4 22. axb4 g6 23. Rg1 Kh8 24. exd5 cxd5 25. Ne3 d4 26. Nc4 Bxg4 27. Qe4 Bf5 28. Qe2 e4 29. dxe4 Rxe4 30. Ne3 dxe3 31. Bxf6+ Kg8 32. fxe3 Rxb4 33. Kf2 Rg4 34. Rxg4 Bxg4 35. e4 Bxf3 36. Qxf3 Qd2+ 0-1

[Event "Pinneberg-ch"]
[Site "Pinneberg"]
[Date "2008.10.10"]
[Round "7"]
[White "Hotze, Kurt"]
[Black "Frank, Detlev"]
[Result "1/2-1/2"]
[WhiteElo "1604"]
[BlackElo "1837"]
[PlyCount "101"]
[EventDate "2008.08.28"]
[EventType "swiss"]
[EventRounds "7"]
[EventCountry "GER"]
[SourceTitle "EXT 2011"]
[Source "ChessBase"]
[SourceDate "2010.11.26"]
[SourceVersion "1"]
[SourceVersionDate "2010.11.26"]
[SourceQuality "1"]

1. e4 a6 2. d4 b5 3. c4 Bb7 4. cxb5 Bxe4 5. Nc3 Bb7 6. Nf3 e6 7. Bd3 Nf6 8. 0-0 Be7 9. Bf4 d6 10. Qe2 h6 11. Rac1 g5 12. Bd2 g4 13. Nh4 h5 14. Bg5 Rg8 15. Bxf6 Bxf6 16. Nf5 Bg5 17. Rce1 Kd7 18. Ne3 Bf4 19. d5 Kc8 20. g3 Be5 21. dxe6 fxe6 22. Be4 d5 23. Nexd5 exd5 24. Bf5+ Nd7 25. Qxe5 axb5 26. Nxb5 Ba6 27. Qxd5 Bb7 28. Qd4 Ra5 29. a4 Rf8 30. Be6 Ra6 31. Qc4 Kb8 32. Bxd7 Qxd7 33. Rd1 Qc6 34. Qxc6 Rxc6 35. Rc1 Ra6 36. Rxc7 Rxa4 37. Re7 Ba6 38. Nc3 Rb4 39. Rfe1 Rxb2 40. Rb1 Rfxf2 41. Rxb2+ Rxb2 42. Rh7 Rc2 43. Ne4 Bd3 44. Re7 Rc1+ 45. Kf2 Rf1+ 46. Ke3 Rf3+ 47. Kd4 Bxe4 48. Kxe4 Rf2 49. Rh7 Rxh2 50. Kf4 Kc8 51. Kg5 1/2-1/2

[Event "Pinneberg-ch"]
[Site "Pinneberg"]
[Date "2007.09.06"]
[Round "2"]
[White "Atri, Jamshid"]
[Black "Frank, Detlev"]
[Result "1/2-1/2"]
[WhiteElo "2109"]
[BlackElo "1814"]
[PlyCount "28"]
[EventDate "2007.08.30"]
[EventType "swiss"]
[EventRounds "7"]
[EventCountry "GER"]
[SourceTitle "CBM 120 Extra"]
[Source "ChessBase"]
[SourceDate "2007.11.01"]
[SourceVersion "1"]
[SourceVersionDate "2007.11.01"]
[SourceQuality "1"]

1. e4 a6 2. d4 b5 3. a4 Bb7 4. Bd3 e6 5. Qe2 Nf6 6. Nf3 b4 7. c4 d6 8. 0-0 Be7 9. Bf4 0-0 10. Nbd2 Nbd7 11. h3 c5 12. d5 e5 13. Bh2 Re8 14. b3 Nf8 1/2-1/2

[Event "Pinneberg-ch"]
[Site "Pinneberg"]
[Date "2005.09.22"]
[Round "7"]
[White "Frank, Detlev"]
[Black "Zimmermann, Manfred"]
[Result "1-0"]
[WhiteElo "1835"]
[BlackElo "1634"]
[PlyCount "71"]
[EventDate "2005.08.11"]
[EventType "swiss"]
[EventRounds "7"]
[EventCountry "GER"]
[SourceTitle "EXT 2006"]
[Source "ChessBase"]
[SourceDate "2005.11.24"]
[SourceVersion "1"]
[SourceVersionDate "2005.11.24"]
[SourceQuality "1"]

1. a3 d5 2. b4 e5 3. Bb2 Bd6 4. e3 Qe7 5. Nf3 Nf6 6. c4 c6 7. Be2 0-0 8. 0-0 Bg4 9. d3 Nbd7 10. Nbd2 a5 11. c5 Bc7 12. h3 Bh5 13. Kh1 e4 14. dxe4 Nxe4 15. Nb3 axb4 16. axb4 f5 17. Nbd4 Rxa1 18. Qxa1 Bxf3 19. Nxf3 g5 20. g4 h5 21. gxh5 g4 22. h4 Kh7 23. Ng5+ Nxg5 24. hxg5 Qxg5 25. Kg2 Re8 26. Bc1 f4 27. Bd3+ Kg8 28. Rh1 Be5 29. exf4 Bxf4 30. h6 Nf6 31. h7+ Kh8 32. Rh5 Kg7 33. Bb2 Re6 34. Bf5 Be5 35. Bxe5 Rxe5 36. Qxe5 1-0

[Event "Pinneberg-ch"]
[Site "Pinneberg"]
[Date "2004.09.22"]
[Round "7"]
[White "Ditze, Thomas"]
[Black "Frank, Detlev"]
[Result "1/2-1/2"]
[WhiteElo "1937"]
[BlackElo "1821"]
[PlyCount "85"]
[EventDate "2004.08.12"]
[EventType "swiss"]
[EventRounds "7"]
[EventCountry "GER"]
[SourceTitle "EXT 2005"]
[Source "ChessBase"]
[SourceDate "2004.11.15"]
[SourceVersion "1"]
[SourceVersionDate "2004.11.15"]
[SourceQuality "1"]

1. d4 a6 2. a4 b6 3. Bf4 Bb7 4. e3 Nf6 5. Nf3 e6 6. Bd3 c5 7. c3 Be7 8. Nbd2 d6 9. 0-0 0-0 10. h3 Nbd7 11. Qe2 Qc7 12. Rfd1 e5 13. dxe5 dxe5 14. Bh2 Bd6 15. Nc4 Bxf3 16. Qxf3 Be7 17. e4 b5 18. Ne3 g6 19. axb5 axb5 20. Bxb5 Rxa1 21. Rxa1 Qb7 22. c4 Rd8 23. Nd5 Nxd5 24. exd5 Bd6 25. Qa3 Nb6 26. Bc6 Qe7 27. Qa6 Rb8 28. Re1 Qg5 29. b3 Qd2 30. Qa1 f6 31. Bg3 Qb4 32. Re3 Nc8 33. Bh4 g5 34. Bg3 Ne7 35. Bb5 Kg7 36. Rd3 Nf5 37. Qd1 Nxg3 38. fxg3 e4 39. Re3 f5 40. g4 Be5 41. Kh1 Bf4 42. Qa1+ Kg8 43. Qa6 1/2-1/2

[Event "Pinneberg-ch"]
[Site "Pinneberg"]
[Date "2004.09.09"]
[Round "5"]
[White "Huljus, Reinhard"]
[Black "Frank, Detlev"]
[Result "0-1"]
[WhiteElo "1604"]
[BlackElo "1821"]
[PlyCount "70"]
[EventDate "2004.08.12"]
[EventType "swiss"]
[EventRounds "7"]
[EventCountry "GER"]
[SourceTitle "EXT 2005"]
[Source "ChessBase"]
[SourceDate "2004.11.15"]
[SourceVersion "1"]
[SourceVersionDate "2004.11.15"]
[SourceQuality "1"]

1. d4 a6 2. Nf3 b5 3. e4 Bb7 4. Bd3 e6 5. 0-0 Nf6 6. Nbd2 c5 7. dxc5 Bxc5 8. e5 Nd5 9. Ne4 Be7 10. Bg5 0-0 11. Bxe7 Qxe7 12. Nd6 Bc6 13. c3 Nf4 14. Re1 f6 15. exf6 Rxf6 16. Be4 e5 17. Qb3+ Kh8 18. Nf5 Rxf5 19. Bxf5 Bxf3 20. gxf3 Qg5+ 21. Bg4 h5 22. Re3 hxg4 23. fxg4 Qxg4+ 24. Rg3 Ne2+ 25. Kg2 Nxg3 26. hxg3 Qe4+ 27. Kh2 Nc6 28. Rh1 d5 29. Qd1 Kg8 30. Kg1 Rf8 31. Rh2 Ne7 32. Rh4 Qf3 33. Qd2 Nf5 34. Rb4 Nxg3 35. fxg3 Qf1+ 0-1

[Event "Pinneberg-ch"]
[Site "Pinneberg"]
[Date "2004.08.19"]
[Round "2"]
[White "Tente, Guenther"]
[Black "Frank, Detlev"]
[Result "0-1"]
[WhiteElo "1440"]
[BlackElo "1821"]
[PlyCount "46"]
[EventDate "2004.08.12"]
[EventType "swiss"]
[EventRounds "7"]
[EventCountry "GER"]
[SourceTitle "EXT 2005"]
[Source "ChessBase"]
[SourceDate "2004.11.15"]
[SourceVersion "1"]
[SourceVersionDate "2004.11.15"]
[SourceQuality "1"]

1. c4 a6 2. Nf3 b5 3. e3 b4 4. d4 Bb7 5. Be2 e6 6. 0-0 Nf6 7. a3 c5 8. axb4 cxb4 9. c5 d6 10. Qa4+ Nc6 11. cxd6 Bxd6 12. Nbd2 0-0 13. Nc4 Bc7 14. h3 a5 15. Qc2 Ne7 16. b3 Rc8 17. Bb2 Ng6 18. Qd1 Ne4 19. Rc1 Qd5 20. Ncd2 Ng5 21. Rc5 Nxf3+ 22. Bxf3 Qd6 23. Bxb7 Qh2# 0-1

[Event "Canarias en Red prel 5th"]
[Site "Playchess.com INT"]
[Date "2004.05.07"]
[Round "9"]
[White "Canovas, Eric"]
[Black "Frank, Detlev"]
[Result "1-0"]
[WhiteElo "1942"]
[BlackElo "2449"]
[PlyCount "51"]
[EventDate "2004.05.07"]
[EventType "swiss (blitz)"]
[EventRounds "13"]
[EventCountry "GER"]
[SourceTitle "EXT 2005"]
[Source "ChessBase"]
[SourceDate "2004.11.15"]
[SourceVersion "1"]
[SourceVersionDate "2004.11.15"]
[SourceQuality "1"]

1. d4 d5 2. c4 dxc4 3. Nc3 e6 4. Nf3 Nf6 5. e3 Bb4 6. Bxc4 0-0 7. 0-0 Nc6 8. Bd2 Bd7 9. Qb3 Bxc3 10. Bxc3 Na5 11. Bxa5 b6 12. Bc3 Qe8 13. Bb4 Ne4 14. Bxf8 Qxf8 15. Qc2 Bc6 16. Bxe6 fxe6 17. Qxc6 Nd6 18. Qxc7 Rc8 19. Qxa7 Qf5 20. Rac1 Rf8 21. Qxb6 Ne4 22. Rc7 Qg6 23. Ne5 Qh6 24. Qb7 Ng5 25. Rc8 Nf7 26. Nxf7 1-0